000 02133nam a22002657a 4500
005 20141125113625.0
010 _aENG-111281
020 _a9789332901766
_c2048.00
020 _a9332901767
_c2048.00
035 _aEN-94813
037 _bDBAD/PUB
082 _a332.6
100 _aWasik, John F.
245 _aKeynes's way to wealth :
_cby John F. Wasik
_btimeless investment lessons from the great economist /
260 _aNew Delhi
_bMcGraw Hill Education
_c2014
270 _aP-24, Green Park Extention
_bNew Delhi
_e110016
300 _axxxv,195p.
_c23cm(pbk)
500 _aIncludes bibliographical references and index
520 _a "How John Maynard Keynes became one of the greatest stock investors of all time--and how you can replicate his successKeynes was not only one of the most influential economists of the 20th Century but also a savvy investor who financially advised Winston Churchill and FDR.Keynes’s Way to Wealth presents the legendary economist’s most powerful investment principles and strategies, including buying quality stocks and holding them, trading commodities, ignoring short-term news, building portfolios with opposed risks, the upside to being a contrarian, and the power of dividends.Including original research from the Keynes Archive at King’s College, the book dissects what Keynes owned, how he bought and sold, and how his theories guided his decisions throughout his life. Ultimately, this is a guide to the portfolio management style of the most successful investors in the world, such as Benjamin Graham, Warren Buffett, and Charles Munger--all of whom have adopted similar methods as Keynes.John Wasik has covered investor protection issues for more than a quarter century and won 18 awards for his work, most of it for investigations conducted during his 15-year tenure as a special projects editor at Consumers Digest magazine. "-- |c Provided by publisher.
600 _a Keynes, John Maynard,
_d1883-1946.
650 _a Portfolio management.
650 _a Investment analysis.
650 _a Investment analysis.
942 _2ddc
_cEN
_mWAS
_h332.6
999 _c90137
_d90137